Clustering Creative Industries in Europe

Analýza kreatívneho priemyslu na základe parametrov: hrubá pridaná hodnota sektora, celkový obrat sektora, počet podnikov a celková zamestnanosť v sektore. Zelená kniha EÚ o kreatívnom priemysle 2010.

Gespeichert in:
Bibliographische Detailangaben
1. Verfasser: Baculáková, Kristína, 1988-
Format: Buchkapitel
Sprache:Englisch
Schlagworte:
Tags: Tag hinzufügen
Keine Tags, Fügen Sie das erste Tag hinzu!

MARC

LEADER 00000nla a2200000 4500
001 0214021
005 20240502073555.7
041 0 |a eng 
044 |a SK 
245 1 0 |a Clustering Creative Industries in Europe  |c Kristína Baculáková 
520 |a Analýza kreatívneho priemyslu na základe parametrov: hrubá pridaná hodnota sektora, celkový obrat sektora, počet podnikov a celková zamestnanosť v sektore. Zelená kniha EÚ o kreatívnom priemysle 2010. 
610 2 0 |a priemysel kreatívny 
610 2 0 |a analýzy 
610 2 0 |a klaster 
610 2 0 |a Európska únia 
100 1 |a Baculáková, Kristína, 1988-